| 000 | 00677nam a2200229 i 4500 | ||
|---|---|---|---|
| 001 | bg | ||
| 100 | 1 | _aPERCHUĆ, Małgorzata | |
| 245 | 1 | 0 |
_aDoczyszczanie wody - filtry domowe : _bporadnik / _cMałgorzata Perchuć. |
| 260 |
_aWarszawa : _bCentralny Ośrodek Informacji Budownictwa, _c1998. |
||
| 300 |
_a109 s. : _brys. ; _c21 cm. |
||
| 504 | _aBibliogr. s. 108-109. | ||
| 650 | 9 | _aFiltry do wody | |
| 650 | 9 |
_aGospodarstwo domowe _xhigiena _xwyposażenie |
|
| 015 | _aPB 8711/98 | ||
| 020 | _a8385393544 | ||
| 040 | _cBPK | ||
| 041 | 0 | _apol | |
| 080 | _a643/645:628.1](083.1) | ||
| 920 | _a83-85393-54-4 | ||
| 942 | _cKS | ||
| 008 | s pl f |000 0 pol | ||
| 999 |
_c51084 _d51084 |
||
| 856 |
_uhttp://koha.tu.koszalin.pl/cgi-bin/koha/opac-detail.pl?biblionumber=51084 _yKatalog online BPK |
||